| 000 | 00689nas a2200241 4500 | ||
|---|---|---|---|
| 001 | BR7904244 | ||
| 003 | BR-BrBNA | ||
| 005 | 20231205083823.0 | ||
| 007 | ta | ||
| 008 | 230509b bl.|||p| |||| 00| 00por d | ||
| 040 |
_aBR-BrBNA _bpor _cBiblioteca Nacional de Agricultura |
||
| 041 | _a(Pt) | ||
| 072 | _aF00 | ||
| 100 | 1 | _aReche, A. | |
| 245 | 1 | _aMaos leves para o cultivo do morango [Fragaria spp] | |
| 650 | _aProducao vegetal | ||
| 650 | _aMorango | ||
| 650 | _aPratica cultural | ||
| 650 | _aColheita | ||
| 773 | 0 |
_tAgricultura de Hoje (Brazil) _xISSN 0100-5707 _g(Aug 1979), v. 5(51) p. 22-23 _wBR7904244 |
|
| 909 |
_a202311 _bLúcia _c55 _dLúcia Elande |
||
| 942 |
_2AGRIS _n0 _cANA |
||
| 999 |
_c101398 _d101398 |
||